Economic survey of Latin America - 1974

Uloženo v:
Podrobná bibliografie
Korporativní autor: Naciones Unidas
Médium: Text
Vydáno: Nueva York: Naciones Unidas
Tagy: Přidat tag
Žádné tagy, Buďte první, kdo vytvoří štítek k tomuto záznamu!

MARC

LEADER 00000 a a2200000 04500
001 24594
003
040
090 |a 169500  
110 |a Naciones Unidas  
245 |a Economic survey of Latin America - 1974  
260 |a Nueva York:   |b Naciones Unidas  
300 |a 339 p.   |b **no definido**   |b fonodiscos  
999 |c 11281  |d 11281